[Event "DEN-ch blitz Gp2"]
[Site "Svendborg"]
[Date "2019.04.19"]
[Round "4"]
[White "Nordenbaek, Jan"]
[Black "Christensen, Thomas Sandbeck"]
[Result "1/2-1/2"]
[WhiteElo "2247"]
[BlackElo "2002"]
[PlyCount "121"]
[EventDate "2019.04.19"]
[EventType "tourn (blitz)"]
[EventRounds "7"]
[EventCountry "DEN"]
[SourceTitle "EXT 2020"]
[Source "ChessBase"]
[SourceDate "2019.10.17"]
[SourceVersion "1"]
[SourceVersionDate "2019.10.17"]
[SourceQuality "1"]

1. e4 c5 2. Nf3 Nc6 3. d4 cxd4 4. Nxd4 Qb6 5. Nf3 e6 6. Be2 Bc5 7. 0-0 Nf6 8. Nc3 Qc7 9. g3 0-0 10. a3 a6 11. Bg5 Ng4 12. Kg2 b5 13. h3 Nge5 14. Nxe5 Nxe5 15. Bf4 f6 16. Qd2 Bb7 17. f3 Rad8 18. Rad1 d6 19. h4 Qb6 20. h5 b4 21. Na4 Qc6 22. axb4 Qxa4 23. bxc5 d5 24. exd5 Bxd5 25. Qc3 Qc6 26. b4 Nf7 27. Bc4 e5 28. Bc1 Qe6 29. Bxd5 Rxd5 30. Rxd5 Qxd5 31. Qd3 Qxd3 32. cxd3 Rd8 33. Rd1 Rd4 34. Ba3 Nd8 35. Kf2 Kf7 36. Ke3 Ke6 37. f4 Nc6 38. fxe5 fxe5 39. Rb1 Na7 40. Rb3 Nb5 41. Bb2 Rg4 42. Kf3 Rg5 43. g4 g6 44. Bc1 Nd4+ 45. Ke4 Nxb3 46. Bxg5 gxh5 47. gxh5 Nd4 48. Be3 Nc6 49. Bd2 Nd4 50. Bc3 Nc6 51. h6 Ne7 52. d4 exd4 53. Bxd4 Nd5 54. c6 Nxb4 55. c7 Kd7 56. Kf5 Nd5 57. Be5 a5 58. c8Q+ Kxc8 59. Ke6 Ne3 60. Kf7 Nf5 61. Kf6 1/2-1/2